Statistics for One Word Movie Titles #6

Click here to take the quiz!

General Stats

  • This quiz has been taken 310 times
  • The average score is 14 of 30

Answer Stats

HintAnswer% Correct
Disney's version of the exploits of a notable Greek hero.Hercules
87%
In order to protect his swamp, an ogre and a donkey bring a princess to a scheming lord.Shrek
87%
In this musical hit, a girl and a snowman try to save a kingdom trapped in eternal winter.Frozen
84%
First of a long series of movies about a serial killer named Jigsaw.Saw
81%
An orphan is trained to be a pickpocket in this musical adaptation of a classic Dickens novel.Oliver!
80%
Liam Neeson doesn't know who took his daughter, but he will find them and kill them.Taken
80%
The original movie about a mysterious video that kills whomever views it.Ring
68%
An architect finds a remote that allows him to fast forward or rewind his life.Click
66%
Disney's ambitious project to bring classical music to animated life.Fantasia
65%
Mutants from a private academy must oppose a terrorist organization with similair powers.X-Men
65%
Cynical Bill Murray is haunted by three spirits on Christmas Eve.Scrooged
61%
A rabid St. Bernard terrorizes a small town.Cujo
56%
Ben Affleck is a superhero blinded by toxic waste.Daredevil
55%
A computer hacker is sucked into the digital world of arcade games.Tron
54%
A warrior must defeat the monster Grendel, and Grendel's mother.Beowulf
53%
The story of an illicit affair between a man (either a professor or a landlord) and an underage girl.Lolita
45%
An impersonator is suckered into replacing the president when the real president has a serious health crisis.Dave
36%
A musical based on the NY newsboy strike of 1899.Newsies
34%
A grieving couple adopt a 9-year-old who is not as innocent as she claims to be.Orphan
31%
Young Mel Gibson plays an Australian soldier fighting in Turkey during WWI.Gallipoli
30%
Two young cowboys vie with an evil ranch hand for the hearts of the women they love, in this 1955 musical.Oklahoma
30%
After losing his restaurant, a cook opens a food truck and pieces together his estranged family.Chef
28%
A television studio exploits a deranged anchor's ravings for its own profit.Network
26%
A teen living under house arrest becomes convinced his neighbor is a serial killer.Disturbia
23%
Jodie Foster's daughter disappears from a plane and no one admits she was ever onboard.Flightplan
22%
James McAvoy learns he has his father's supernatural killing abilities.Wanted
22%
Samuel L. Jackson undertakes a personal mission to solve a racially-motivated murder.Shaft
18%
The story of how the daughter of actor Laurence Harvey became a bounty hunter.Domino
13%
An FBI agent sent to investigate a tiny Maine town discovers secrets about her own past.Haven
3%
A textile merchant travels to Japan and falls in love with a concubine.Silk
1%

Score Distribution

Percentile by Number Answered

Percent of People with Each Score

Your Score History

You have not taken this quiz